000 00713nam a2200241 a 4500
001 1124
003 BR-CuiBMT
005 20231129210730.0
008 231129s2013 mtb 000 0 por d
020 _a9788598587288
040 _aBR-CuiBMT
_cBR-CuiBMT
080 _22007
_a351.94:336.148
090 _dTCE/MT
_a351.94:336.148
_bT822l
_c2. ed.
110 1 _aTribunal de Contas do Estado de Mato Grosso
245 1 0 _aLei orgânica e regimento interno /
_cTribunal de Contas do Estado de Mato Grosso.
250 _a2. ed.
260 _aCuiabá :
_bTCE,
_c2013.
300 _a222 p. ;
_c22 cm
650 _aAdministração pública
650 _aLei orgânica
650 _aRegimento interno
942 _2udc
_cLV
999 _c1124
_d1124